000 00509nmm a2200145Ia 4500
008 251105s9999||||xx |||||||||||||||||und||
041 _aspa
100 _aPeralta García, Lidia
245 0 _aLos nuevos héroes del siglo XXI :
_b Las migraciones subsaharianas vistas por el cine en España y África
264 _a[Madrid, España] :
_bUniversitat Oberta de Catalunya,
_c2017
300 _a232 páginas
650 _aFilm studies
856 _uhttps://public.digitaliapublishing.com/a/47351
942 _cCF
999 _c106319
_d106319